000 00559nam a2200193Ia 4500
003 GCL
005 20240530102250.0
008 140319s9999 xx 000 0 ara d
040 _aGCL /
_cGCL
082 0 4 _a956.903
_bغ ج
100 1 _aغازى فلاح
245 1 0 _aالجليل ومخططات التهويد /
_cغازى فلاح
260 _a[S.N] :
_bمؤسسة الدراسات الفلسطينية ،
_c1993
300 _a154 ص
650 0 4 _aاليهود
650 0 4 _aالعرب واليهود
650 0 4 _aالجليل
942 _2ddc
_cBK
999 _c31021
_d31021